Score 0/20 Timer 03:00
2 Plays Today
Show Missing Word % Correct
_____ TrekStar
97.9%
3rd _____ From the SunRock
94.4%
The _____-FilesX
94.1%
Lost in _____Space
93.1%
Lilo & _____: The SeriesStitch
91.7%
_____ & MindyMork
89.5%
Mighty Morphin _____ RangersPower
88.8%
Battlestar _____Galactica
87.5%
Lois & Clark: The New Adventures of _____Superman
80.9%
_____ WhoDoctor
75.3%
Show Missing Word % Correct
Babylon _____5
71.4%
Buck _____ in the 25th CenturyRogers
70.4%
The Outer _____Limits
69.6%
My _____ MartianFavorite
69.2%
_____ SG-1Stargate
64.6%
Earth: _____ ConflictFinal
59%
_____ NationAlien
57.4%
Falling _____Skies
38.2%
Space: _____ and BeyondAbove
31.4%
_____ ZimInvader
31.3%

Today's Daily Dose

Remove Ads.
Support Sporcle.
Get the best of Sporcle when you Go Orange. This ad-free experience offers more features, more stats, and more fun while also helping to support Sporcle. Thank you for becoming a member.

You're not logged in!

Compare scores with friends on all Sporcle quizzes.
OR
Log In

Show Comments

Extras

Top Quizzes Today


Score Distribution

Your Account Isn't Verified!

In order to create a playlist on Sporcle, you need to verify the email address you used during registration. Go to your Sporcle Settings to finish the process.

Report this User

Report this user for behavior that violates our Community Guidelines.

Details: